| 000 | 00483nam a2200205Ia 4500 | ||
|---|---|---|---|
| 003 | OSt | ||
| 005 | 20240326143836.0 | ||
| 008 | 210210b1934 xxu||||| |||| 00| 0 eng d | ||
| 040 | _cAL | ||
| 041 | _aeng | ||
| 082 | _a829/1211 | ||
| 100 |
_aWELLS (H G) _9157036 |
||
| 245 | _aShort stories | ||
| 260 |
_aLondon _bErnest Benn Limited _c1934 |
||
| 650 |
_astories _9157037 |
||
| 650 |
_aShort _9157038 |
||
| 690 |
_aEnglish Fiction _9157039 |
||
| 906 | _a017822 | ||
| 942 |
_2ddc _cBK |
||
| 999 |
_c137806 _d137806 |
||